| 000 | 00845nam a2200265 a 4500 | ||
|---|---|---|---|
| 001 | 00010919 | ||
| 005 | 20251029192208.0 | ||
| 008 | 110328s2005 flua g f 000 0 eng d | ||
| 020 |
_a1566706653 : _cTK11678.00 |
||
| 040 |
_aBD-DhIUB _cBD-DhIUB |
||
| 082 | 0 | 4 |
_a577.27 _219 |
| 100 | 1 | _aJorgensen, Sven E | |
| 245 | 0 | 0 |
_aHandbook of Ecological Indicators for Assessment of Ecosystem Health / _cSven E Jorgensen, Robert Costanza, Fu-Liu (editors) Xu |
| 250 | _a1st ed. | ||
| 260 |
_aBoca Raton : _bTaylor and Francis, _c2005. |
||
| 300 |
_a439p. : _billus ; _c24cm |
||
| 520 | 0 | _aEnvironment Management | |
| 556 | _a2005\09\19 | ||
| 650 | 1 | 7 |
_aEnvironmental indicators _2Spines |
| 650 | 1 | 7 |
_aEcosystem health _2Spines |
| 700 | 1 | _aCostanza, Robert | |
| 700 | 1 | _aXu, Fu-Liu (editors) | |
| 999 |
_c74 _d74 |
||
| 526 | _bph | ||